000 01119nam a2200289 a 4500
001 000048756
003 DO-SdBNP
005 20240530073924.0
008 190411s2017 dr 000 f spa d
020 _a9789945897258
040 _aDO-SdBNP
_bspa
_cBNPHU
082 4 _aRD863.2
_bA594fa, 2017
_222
100 1 _aAngulo Guridi, Francisco Javier,
_d1816-1884.
_910453
245 1 3 _aLa fantasma de Higüey /
_cFrancisco Javier Angulo Guridi ; prólogo Ruth Nolasco ; presentación Julio Sánchez Mariñez.
260 _aSanto Domingo :
_bInstituto Superior de Formación Docente Salomé Ureña,
_c2017.
300 _a109 p. ;
_c23 cm.
490 1 _aClásicos Dominicanos
_vI
_aNarrativa
500 _aIncluye datos biográficos del autor en la solapa de la cubierta
590 _aInventariado, 2019/LP
650 0 _aNovela dominicana
_9223
650 0 _aLiteratura dominicana.
_967
700 1 _aNolasco, Ruth,
_epról.
_938441
700 1 _aSánchez Maríñez, Julio
_epresent.
_91591
830 0 _aClásicos dominicanos ;
_vI
_pNarrativa
_976216
910 _aValidado. Control de calidad MFF
942 _2ddc
_cLBS1
999 _c48244
_d48244